| 000 | 00778nam a2200253 i 4500 | ||
|---|---|---|---|
| 001 | 15619 | ||
| 003 | ES-MaACL | ||
| 005 | 20230906151122.0 | ||
| 007 | t| | ||
| 008 | 000406s1999 sp ||||1| spa d | ||
| 020 | _a84-89666-41-5 | ||
| 080 | _a821.134.2(729.1)-82"19" | ||
| 100 | 1 |
_aSarduy, Severo. _9103801 |
|
| 245 | 1 | 0 |
_aObra completa / _cSevero Sarduy ; edición crítica, Gustavo Guerrero y François Wahl, coordinadores. |
| 250 | _a1ª ed. | ||
| 260 |
_aMadrid [etc] : _bALLCA XX, _c1999. |
||
| 300 |
_a2 v. ; _c25 cm. |
||
| 490 | 1 |
_aColección Archivos ; _v40 |
|
| 700 | 1 |
_aGuerrero, Gustavo. _960547 |
|
| 700 | 1 |
_aWahl, François. _9115860 |
|
| 830 | 0 |
_aColección Archivos ; _v40 _9178295 |
|
| 852 |
_aES-MaACL _jL-22673-74 _bR.128076 |
||
| 999 |
_c15619 _d15619 |
||